000 00770nam a2200265 a 4500
001 000000660
003 DO-SdBNP
005 20240802091407.0
007 000000660
008 090331s1997 xx ad 000 0 spa d
020 _a0884195147
040 _aBPMSU
_bspa
_cBPMSU
082 4 _a306.87
_b25p 1997
_222
100 1 _aJakes, T.D
_d
245 1 4 _aEl padre ama a sus hijas /
_c T.D Jakes
_b
250 _a
260 _aEstados Unidos :
_bCasa Creación,
_c1997
300 _a159 p. :
_bil.,
_c21 cm.
500 _aIncluye biografía del autor en la contracubierta
590 _aInventariado, 2024/VM
650 4 _aRelaciones familiares
650 4 _aFamilia
_xAspectos psicológicos
910 _aVMateo V. Control de calidad BPMSU
942 _2ddc
_cBK
999 _c14739
_d14739